书目信息 |
| 题名: |
世界新闻多棱镜
|
|
| 作者: | 威廉·哈森 ;张苏 | |
| 分册: | ||
| 出版信息: | 北京 新华出版社 2000 |
|
| 页数: | ||
| 开本: | ||
| 丛书名: | 新闻传播学译丛 | |
| 单 册: | ||
| 中图分类: | G2 | |
| 科图分类: | ||
| 主题词: | 知识--传播 , 信息 | |
| 电子资源: | ||
| ISBN: | 7-5011-4764-7 | |
| 000 | 00709nam0 2200229 450 | |
| 001 | 0735257515 | |
| 005 | 20070904094737.51 | |
| 010 | @a7-5011-4764-7@d18 | |
| 100 | @a20070904d km y0chiy0120 ea | |
| 101 | 0 | @achi |
| 200 | 1 | @a世界新闻多棱镜@Ashi jie xin wen duo leng jing@e变化中的国际传媒@f威廉.哈森@Fwei lian.ha sen@g张苏等@Gzhang su deng |
| 210 | @a北京@c新华出版社@d2000 | |
| 225 | 2 | @a新闻传播学译丛 |
| 410 | 0 | @12001 @a新闻传播学译丛 |
| 517 | 1 | @a变化中的国际传媒@Abian hua zhong de guo ji chuan mei |
| 606 | 0 | @a知识@x传播 |
| 606 | 0 | @a信息 |
| 690 | @aG2@v3 | |
| 701 | 0 | @a威廉·哈森@Awei lian·ha sen |
| 702 | 0 | @a张苏@Azhang su |
| 801 | 0 | @aCN@bPFT@c20070904 |
| 905 | @a213230@dG2@ea14@f1 | |
| 世界新闻多棱镜:变化中的国际传媒/威廉.哈森/张苏等.-北京:新华出版社,2000 |
| (新闻传播学译丛) |
| ISBN 7-5011-4764-7:18 |
| ● |
| 相关链接 |
|
|
|
|
正题名:世界新闻多棱镜
索取号:G2/a14
 
预约/预借
| 序号 | 登录号 | 条形码 | 馆藏地/架位号 | 状态 | 备注 |
| 1 | 7503386 | 275033866 | 密集书库-史法系/ [索取号:G2/a14] | 在馆 |